000 00663nam a2200205Ia 4500
003 GCL
008 140319s9999 xx 000 0 ara d
040 _aGCL /
_cGCL
082 0 4 _a811.1
_bم م
100 1 _aمحمد زغلول سلام
245 1 0 _aمدخل الى الشعر الجاهلى: دراسة فى البنية والشعر /
_cمحمد زغلول سلام
260 _a[S.N] :
_bمنشاة المعارف الاسلامية ،
_c1989
300 _a257 ص
490 _a
650 0 4 _aالشعر العربى
650 0 4 _aالادب العربى
650 0 4 _aالعصر الجاهلى
650 0 4 _aتاريخ ونقد
942 _2ddc
_cBK
999 _c32563
_d32563